| 000 | 00000nas 2200000za 4500 |
| 001 | 9.817621 |
| 003 | CaOODSP |
| 005 | 20221107142524 |
| 007 | cr ||||||||||| |
| 008 | 160512d19561981oncar p oss f000#b0fre|d |
| 022 | |y0706-2060 |
| 040 | |aCaOODSP|bfre |
| 041 | |aeng|afre |
| 043 | |an-cn--- |
| 086 | 1 |aCS52-209-PDF |
| 245 | 00|aRailway transport. |nPart 3, |pEquipment, track and fuel statistics |h[ressource électronique] = |bTransport ferroviaire. Partie 3, Statistique de matériel, des voies et du carburant. |
| 246 | 11|aTransport ferroviaire.|nPartie 3, |pStatistique de matériel, des voies et du carburant |
| 260 | |a[Ottawa] : |bStatistics Canada, Surface Transport Section = Statistique Canada, Section des transports de surface, |c1958-1983. |
| 310 | |aAnnuel |
| 362 | 0 |a1956-1981. |
| 500 | |aÉdition numérisée de l’imprimé [par Statistique Canada]. |
| 546 | |aTexte en anglais seulement, 1956-1970; Texte en anglais et en français, 1971-1981. |
| 550 | |aPublié 1959-1964, 1966-1969 par Transportation Section; 1965 par Transportation and Public Utilities Section; 1970-1972 par Statistique Canada, Section des transports; 1973-1979 par la Section des transports de surface; 1980-1981 par la Section des transports de surface et maritimes. |
| 692 | 07|2gccst|aRéseau ferroviaire |
| 692 | 07|2gccst|aTransport ferroviaire |
| 710 | 1 |aCanada.|bBureau fédéral de la statistique.|bSection des transports. |
| 710 | 1 |aCanada.|bBureau fédéral de la statistique.|bSection des transports et des services d'utilité publique. |
| 710 | 2 |aStatistique Canada.|bSection des transports. |
| 710 | 2 |aStatistique Canada.|bSection des transports de surface. |
| 710 | 2 |aStatistique Canada.|bSection des transports de surface et maritimes. |
| 791 | |tRailway transport. |eeng|w(CaOODSP)9.817620 |